Province che confinano con la Provincia di Cremona - Statistics

Statistiche generali
  • Questo quiz è stato fatto 29 volte
  • Il punteggio medio è 7 su 7
Statistiche sulle risposte
Regione Provincia % Corretto
Lombardia Città metropolitana di Milano
100%
Emilia-Romagna Provincia di Piacenza
100%
Lombardia Provincia di Brescia
96%
Emilia-Romagna Provincia di Parma
96%
Lombardia Provincia di Bergamo
92%
Lombardia Provincia di Lodi
92%
Lombardia Provincia di Mantova
92%
Nessun quiz corrispondente trovato
Distribuzione punteggi
Percentuale di utenti per punteggio
Percentile per numero di risposta
I tuoi punteggi nel tempo
Non hai fatto questo quiz